Т. 65, вып. 10; Журнал аналитической химии

Bibliografske podrobnosti
Parent link:Журнал аналитической химии/ Российская академия наук (РАН), Отделение химии и наук о материалах РАН. Т. 65, вып. 10.— , 1947-.— 0044-4502
Jezik:ruščina
Izdano: 2010
Format: Knjiga
KOHA link:https://koha.lib.tpu.ru/cgi-bin/koha/opac-detail.pl?biblionumber=442390

MARC

LEADER 00000nam2a2200000 4500
001 442390
005 20231101081640.0
035 |a (RuTPU)RU\TPU\prd\103990 
035 |a RU\TPU\prd\103987 
090 |a 442390 
100 |a 20110324a19469999k y0rusy50 ca 
101 0 |a rus 
102 |a RU 
200 0 |a Т. 65, вып. 10 
210 |d 2010 
461 1 |0 (RuTPU)RU\TPU\prd\156  |x 0044-4502  |t Журнал аналитической химии  |f Российская академия наук (РАН), Отделение химии и наук о материалах РАН  |v Т. 65, вып. 10  |d 1947- 
801 2 |a RU  |b 63413507  |c 20201127  |g PSBO 
942 |c BK 
999 |a НТБ_ТПУ  |b НФ  |e -8/20110111  |p П-5458  |s 4/20100426  |u 0,00  |v 1